000 00388nam a2200181Ia 4500
008 090123s9999 xx 000 0 und d
082 _b25842
100 _aDEAN R.KORNTY
245 _aWHISPERS
250 _a0
260 _bVIKAS BOOK AGENCY
300 _a502
600 _aDEAN R.KORNTY
630 _aWHISPERS
700 _aDEAN R.KORNTY
730 _aWHISPERS
942 _cBOOK
999 _c63913
_d63913